LIBRARY ONLINE CATALOGUE

Determinants of Kenya's fiscal performance / (Record no. 8642)

MARC details
000 -LEADER
fixed length control field 00583nam a22002052 4500
001 - CONTROL NUMBER
control field 0000018761
005 - DATE AND TIME OF LATEST TRANSACTION
control field 20151217152134.0
008 - FIXED-LENGTH DATA ELEMENTS--GENERAL INFORMATION
fixed length control field 100617s xx 000 0 eng d
020 ## - INTERNATIONAL STANDARD BOOK NUMBER
International Standard Book Number 9966777423 :
040 ## - CATALOGING SOURCE
Original cataloging agency KABU
Transcribing agency KABU
100 1# - MAIN ENTRY--PERSONAL NAME
Personal name Sirengo, Joseph.
-- 0000178118
245 10 - TITLE STATEMENT
Title Determinants of Kenya's fiscal performance /
Statement of responsibility, etc. Joseph Sirengo.
250 ## - EDITION STATEMENT
Edition statement 1st ed.
260 ## - PUBLICATION, DISTRIBUTION, ETC. (IMPRINT)
Place of publication, distribution, etc. Nairobi :
Name of publisher, distributor, etc. KIPPRA,
Date of publication, distribution, etc. 2008.
300 ## - PHYSICAL DESCRIPTION
Extent v, 26 p.
650 #0 - SUBJECT ADDED ENTRY--TOPICAL TERM
Topical term or geographic name as entry element Fiscal policy
Geographic subdivision Kenya.
-- 0000160756
908 ## - PUT COMMAND PARAMETER (RLIN)
Put command parameter 100617
950 ## - LOCAL HOLDINGS (RLIN)
-- 1
Holdings
Withdrawn status Lost status Source of classification or shelving scheme Not for loan Home library Current library Date acquired Total Checkouts Full call number Barcode Date last seen Price effective from Koha item type
    Library of Congress Classification   Kabarak, Main Campus Kabarak, Main Campus 17/12/2015   HJ2180.5 .S57 2008 c. 2 24795 17/12/2015 17/12/2015 General Collection
    Library of Congress Classification   Kabarak, Main Campus Kabarak, Main Campus 17/12/2015   HJ2180.5 .S57 2008 c. 1 24807 17/12/2015 17/12/2015 Africana Collection